Plant Cell walls : (Record no. 752193)

MARC details
000 -LEADER
fixed length control field 00501nam a22001697a 4500
003 - CONTROL NUMBER IDENTIFIER
control field OSt
005 - DATE AND TIME OF LATEST TRANSACTION
control field 20251010142926.0
008 - FIXED-LENGTH DATA ELEMENTS--GENERAL INFORMATION
fixed length control field 251010b |||||||| |||| 00| 0 eng d
020 ## - INTERNATIONAL STANDARD BOOK NUMBER
International Standard Book Number 9781032013213
040 ## - CATALOGING SOURCE
Transcribing agency kul
082 ## - DEWEY DECIMAL CLASSIFICATION NUMBER
Classification number 571.682 GEI.P
084 ## - OTHER CLASSIFICATION NUMBER
Source of Number Colon Classification
245 ## - TITLE STATEMENT
Title Plant Cell walls :
Remainder of title Research milestones and conceptual insights /
260 ## - PUBLICATION, DISTRIBUTION, ETC.
Place of publication, distribution, etc. Boca Raton :
Name of publisher, distributor, etc. CRC Press - Taylor and Francis group ,
Date of publication, distribution, etc. c2024.
700 ## - ADDED ENTRY--PERSONAL NAME
Relator code Editor
Personal name Geitmann, Anja
9 (RLIN) 2843
942 ## - ADDED ENTRY ELEMENTS (KOHA)
Source of classification or shelving scheme Dewey Decimal Classification
Koha item type Book
Holdings
Withdrawn status Lost status Source of classification or shelving scheme Damaged status Not for loan Home library Current library Shelving location Date acquired Total Checkouts Full call number Barcode Date last seen Price effective from Koha item type
    Dewey Decimal Classification     Dept. of Botany Dept. of Botany Reference 10/10/2025   571.682 GEI.P BOT10928 10/10/2025 10/10/2025 Reference